<?xml version="1.0" encoding="UTF-8"?>
<record
    xmlns:xsi="http://www.w3.org/2001/XMLSchema-instance"
    xsi:schemaLocation="http://www.loc.gov/MARC21/slim http://www.loc.gov/standards/marcxml/schema/MARC21slim.xsd"
    xmlns="http://www.loc.gov/MARC21/slim">

  <leader>01496nam a2200253 a 4500</leader>
  <controlfield tag="001">1404670</controlfield>
  <controlfield tag="003">CO-MqBPB</controlfield>
  <controlfield tag="005">20221019110914.0</controlfield>
  <controlfield tag="008">131001s2012    ck     gr     00010 spa d</controlfield>
  <datafield tag="015" ind1=" " ind2=" ">
    <subfield code="a">ck-2012-xxxx</subfield>
  </datafield>
  <datafield tag="020" ind1=" " ind2=" ">
    <subfield code="a">9789585647244</subfield>
  </datafield>
  <datafield tag="040" ind1=" " ind2=" ">
    <subfield code="a">CO-MqBPB</subfield>
    <subfield code="b">spa </subfield>
    <subfield code="c">CO-MqBPB</subfield>
  </datafield>
  <datafield tag="041" ind1="1" ind2=" ">
    <subfield code="a">spa </subfield>
    <subfield code="h">eng</subfield>
  </datafield>
  <datafield tag="082" ind1="0" ind2="4">
    <subfield code="a">133.901</subfield>
    <subfield code="b">M63i </subfield>
  </datafield>
  <datafield tag="245" ind1="1" ind2="4">
    <subfield code="a">Ikagai esencial /</subfield>
    <subfield code="c">Ken Mogi ; traducci&#xF3;n de Paula Vicens</subfield>
  </datafield>
  <datafield tag="250" ind1=" " ind2=" ">
    <subfield code="a">Cuarta Reimpresi&#xF3;n</subfield>
  </datafield>
  <datafield tag="260" ind1=" " ind2=" ">
    <subfield code="a">Bogot&#xE1; D.C. , Colombia  : </subfield>
    <subfield code="b">Penguin Random House , </subfield>
    <subfield code="c">2021.</subfield>
  </datafield>
  <datafield tag="300" ind1=" " ind2=" ">
    <subfield code="a">205 p. ; </subfield>
    <subfield code="c">21 cm.</subfield>
  </datafield>
  <datafield tag="490" ind1="0" ind2=" ">
    <subfield code="a">Millenium</subfield>
  </datafield>
  <datafield tag="520" ind1=" " ind2=" ">
    <subfield code="a">Despierta tu ikigai con el cient&#xED;fico japon&#xE9;s que ha conquistado a un mill&#xF3;n de lectores.El ikigai es un fen&#xF3;meno japon&#xE9;s com&#xFA;nmente entendido como la &#xAB;raz&#xF3;n para levantarse cada ma&#xF1;ana&#xBB;. A veces son peque&#xF1;os momentos: la brisa matinal, una taza de caf&#xE9;, un cumplido. Otras, convicciones: un buen trabajo, una amistad duradera, una salud equilibrada.Ya sea grande o peque&#xF1;o, tu ikigai es el camino que te lleva a la felicidad. En este delicioso libro, Ken Mogi presenta los cinco pilares del ikigai, y lo hace combinando elementos de la historia de Jap&#xF3;n, de su filosof&#xED;a y cultura moderna, con la creatividad, la autoaceptaci&#xF3;n y el funcionamiento del cerebro.Mogi te mostrar&#xE1; con maestr&#xED;a c&#xF3;mo despertar tu ikigai, a trav&#xE9;s de una lectura tan fascinante como reveladora.</subfield>
  </datafield>
  <datafield tag="534" ind1=" " ind2=" ">
    <subfield code="p">T&#xFFFD;tulo original : </subfield>
    <subfield code="t">Miracles happen.</subfield>
  </datafield>
  <datafield tag="942" ind1=" " ind2=" ">
    <subfield code="2">ddc</subfield>
    <subfield code="c">BK</subfield>
  </datafield>
  <datafield tag="949" ind1=" " ind2=" ">
    <subfield code="a">n      </subfield>
    <subfield code="b">n</subfield>
  </datafield>
  <datafield tag="999" ind1=" " ind2=" ">
    <subfield code="c">14510</subfield>
    <subfield code="d">14510</subfield>
  </datafield>
  <datafield tag="952" ind1=" " ind2=" ">
    <subfield code="0">0</subfield>
    <subfield code="1">0</subfield>
    <subfield code="2">ddc</subfield>
    <subfield code="4">0</subfield>
    <subfield code="7">0</subfield>
    <subfield code="8">GEN</subfield>
    <subfield code="a">BPMOS</subfield>
    <subfield code="b">BPMOS</subfield>
    <subfield code="d">2022-10-19</subfield>
    <subfield code="e">Compra BPSJBM 2022</subfield>
    <subfield code="i">NT</subfield>
    <subfield code="l">12</subfield>
    <subfield code="m">15</subfield>
    <subfield code="o">133.901 M63i </subfield>
    <subfield code="p">MOS502674</subfield>
    <subfield code="q">2026-06-05</subfield>
    <subfield code="r">2026-04-18</subfield>
    <subfield code="s">2026-04-18</subfield>
    <subfield code="t">Ej. 1</subfield>
    <subfield code="w">2022-10-19</subfield>
    <subfield code="y">BK</subfield>
    <subfield code="z">Ocho d&#xED;as</subfield>
  </datafield>
</record>
